000 00758nam a2200205 a 4500
001 000041656
005 20201002035705.0
008 131015s2003 sp 000 0 spa d
020 _a8493302317
040 _aDO-SdBNP
_bspa
_cBNPHU
100 1 _aCal Pardo, Enrique
_968446
245 1 0 _aEpiscopologio Mindoniense /
_cEnrique Cal Pardo.
260 _aSalamanca :
_bInstituto de Estudios Gallegos "Padre Sarmiento",
_c2003.
300 _aXVII, 1252 p. ;
_c24 cm.
490 1 _aCuadernos de estudios gallegos. Anexo
_v28
500 _aIncluye índice
504 _aIncluye referencias bibliográficas y notas al pie de las páginas
710 2 _aInstituto de Estudios Gallegos "Padre Sarmiento"
_968447
830 0 _aCuadernos de estudios gallegos
_v28
_964199
999 _c41146
_d41146